000 00639cam a2200229 4500
008 090401t1987 xxu||||| |||| 00| 0 eng d
020 _a0582413958
035 _a(Sirsi) u31054
041 _aeng
050 _a690
100 _aChudley, R.
245 _aConstruction technology. Volume 3.
250 _a2nd ed.
260 _aHarlow, Essex
_bLongman Scientific & Technical
_c1987
300 _a245p. : ill. ; 22cm.
350 _a13.99
520 _aSuperseded by "Advanced construction technology" (ISBN 0582316170).
650 _aCONSTRUCTION TECHNOLOGY
690 _aBUILT ENVIRONMENT
942 _n0
948 _c04/03/1997
999 _c89544
_d89544